| 000 | 00964nam a22003017a 4500 | ||
|---|---|---|---|
| 003 | CHAP | ||
| 005 | 20220329140107.0 | ||
| 008 | 971013s1970 r 00010 d | ||
| 010 | _a46883 | ||
| 011 | _a47855 | ||
| 035 | _a51998 | ||
| 040 | _cCHAP | ||
| 090 | _aTesis | ||
| 100 | 0 | 0 |
_aSalazar Martínez, Enrique. _9101400 |
| 245 | _aImportacia del aguacate (Persea drynifolia Cham. y Schlecht.) en Villa Guerrero, Estado de México | ||
| 260 |
_aChapingo, Méx. : _bEl autor, _c1970 |
||
| 300 |
_a152 h. _b: ilus ; apénd. |
||
| 502 | _aTesis (Ing. Agr. Esp. en Fitotecnia) --ENA | ||
| 590 |
_aALEPH _b10 _c20130110 _lUCH01 _h1316 |
||
| 590 |
_aBATCH-UPD _b10 _c20130110 _lUCH01 _h1832 |
||
| 590 |
_aBATCH-UPD _b10 _c20130410 _lUCH01 _h1204 |
||
| 590 |
_aBATCH-UPD _b10 _c20130913 _lUCH01 _h2301 |
||
| 590 |
_aCONVERSION _b10 _c20130109 _lUCH01 _h1326 |
||
| 650 | 1 | 4 |
_aAguacate. _92490 |
| 901 | _aBK | ||
| 942 | _cTESIS | ||
| 949 |
_bBC _cTES _d-116086 _eTS1 _i51998 _si |
||
| 999 |
_c46883 _d46883 |
||